000 00316nam a2200133Ia 4500
008 250520s9999 xx 000 0 und d
020 _a9783869220673
100 _aBANSAL, ANUPAM
245 0 _aARCHITECTURAL GUIDE
260 _bDOM PUBLISHERS, GERMANY
_c2013
300 _a399
650 _aGeneral
942 _cBK
999 _c220808
_d220808